| 000 | 00885pab a2200193 454500 | ||
|---|---|---|---|
| 008 | 180718b2003 xxu||||| |||| 00| 0 eng d | ||
| 100 | _aBose, Ashish | ||
| 245 | _aStalling the march of Thar desert: Army's eco-battalion at work | ||
| 260 | _c2003 | ||
| 300 | _ap.1630-632. | ||
| 362 | _a26 Apr | ||
| 520 | _aEcological task forces of the Indian army, which have made significant contributions to halting ecological degradations in several regions in the country were first set up in 1982. They probably represent the first such experiment anywhere in the world of the army taking up ecological work on a regular basis. a glimpse of the work of the Territorial Army's Eco Force in Rajasthan. - Reproduced. | ||
| 650 | _aIndia. Army | ||
| 650 | _aEnvironment - India | ||
| 650 | _aEnvironment | ||
| 650 | _aDeserts | ||
| 773 | _aEconomic and Political Weekly | ||
| 909 | _a56558 | ||
| 999 |
_c56558 _d56558 |
||